Statistics for Gremlins - Movie Trivia

Click here to take the quiz!

General Stats

  • This quiz has been taken 93 times
    (30 since last reset)
  • The average score is 12 of 20

Answer Stats

DescriptionAnswer% Correct
The 3 rules about this creature#1: Do not expose it to {light}, which will kill it
92%
The 3 rules about this creature#3: And above all, never {feed} it after midnight
92%
The 3 rules about this creature#2: Do not let it come in contact with {water}
85%
Neighborhood where he buys itChinatown
77%
Kitchen appliances in which 2 gremlins meet
their doom
Microwave oven
77%
Year of film release1984
73%
The cute little furry creatureGizmo
73%
Kitchen appliances in which 2 gremlins meet
their doom
Blender
65%
Powered cutting tool it uses as a weaponChainsaw
65%
Species of the aboveMogwai
65%
Place it went to spawn a gremlins armyThe swimming pool
65%
What the gremlins do on Mrs. Deagle's doorstepCaroling
58%
Job of the man who buys this creatureInventor
58%
Movie that the gremlins go to see at the cinemaSnow White and the Seven Dwarfs
54%
Name of the gremlins chiefStripe
54%
Device that throws Mrs. Deagle out of the windowStair Lift
46%
Name of the main characterBilly Peltzer
38%
His jobBank clerk
31%
His love interestKate Beringer
31%
Movie directorJoe Dante
23%

Score Distribution

Percentile by Number Answered

Percent of People with Each Score

Your Score History

You have not taken this quiz since the last reset